Pastizales naturales
Guardado en:
| Formato: | Libro |
|---|---|
| Publicado: |
México :
Trillas,
1982
|
| Series: | Manuales para educación secundaria. Producción vegetal
|
| Materias: | |
| Etiquetas: |
Agregar Etiqueta
Sin Etiquetas, Sea el primero en etiquetar este registro!
|
| LEADER | 00915nam a22002175a 4500 | ||
|---|---|---|---|
| 001 | CEM.cems015612 | ||
| 005 | 20160219102806.0 | ||
| 008 | 130507s1982##################000#0#####d | ||
| 003 | CEMS | ||
| 020 | |a 9682411300 | ||
| 082 | 0 | 4 | |a 633.2 |
| 245 | 0 | 0 | |a Pastizales naturales |
| 260 | |a México : |b Trillas, |c 1982 | ||
| 300 | |a 80 p. | ||
| 490 | 0 | |a Manuales para educación secundaria. Producción vegetal | |
| 505 | 0 | |a Especies del pastizal natural -- Composición del pastizal natural -- Condición del pastizal natural -- Fertilización -- Control del agua -- Control de plagas -- Introducción de especies mejoradas -- Principios del uso del pastizal natural -- Aprovechamiento del pastizal natural | |
| 653 | |a Agricultura | ||
| 653 | |a Pastizales naturales | ||
| 653 | |a Pasturas | ||
| 859 | |a CEMS |b BIB. CEMS - Agricultura |h 633.2 |i P268 |p A12266.83 |t Ej.1 | ||
| 859 | |a CEMS |b BIB. CEMS - Agricultura |h 633.2 |i P268 |p A2718.16 |t Ej.2 | ||
